Why the constitution matters (Record no. 240568)

MARC details
000 -LEADER
fixed length control field 01866nam a22002417a 4500
005 - DATE AND TIME OF LATEST TRANSACTION
control field 20260311112100.0
008 - FIXED-LENGTH DATA ELEMENTS--GENERAL INFORMATION
fixed length control field 251017b |||||||| |||| 00| 0 eng d
020 ## - INTERNATIONAL STANDARD BOOK NUMBER
International Standard Book Number 9780143476184
040 ## - CATALOGING SOURCE
Transcribing agency AL
041 ## - LANGUAGE CODE
Language code of text/sound track or separate title English
082 ## - DEWEY DECIMAL CLASSIFICATION NUMBER
Classification number 342.54
Item number CHAW
100 ## - MAIN ENTRY--PERSONAL NAME
Personal name D Y Chandrachud
100 ## - MAIN ENTRY--PERSONAL NAME
9 (RLIN) 258510
245 ## - TITLE STATEMENT
Title Why the constitution matters
Remainder of title : selected speeches
260 ## - PUBLICATION, DISTRIBUTION, ETC.
Date of publication, distribution, etc. 2025
Place of publication, distribution, etc. ND
Name of publisher, distributor, etc. Vintage Books
300 ## - PHYSICAL DESCRIPTION
Extent xvii,570p.
Other physical details HB
Dimensions 24x16cm
365 ## - TRADE PRICE
Price type code XIA4-84248
Price amount ₹767.04
Currency code
Unit of pricing ₹999.00
Price effective from 03-10-2025
520 ## - SUMMARY, ETC.
Summary, etc. In Why the Constitution Matters Justice D.Y. Chandrachud delves into the profound significance of the Constitution in shaping the nation’s identity and governance. This insightful book offers readers a nuanced understanding of the Constitution’s role in protecting fundamental rights, ensuring justice and maintaining the rule of law. The author brings to the forefront his experience of nearly twenty-five years as a judge, making complex constitutional principles accessible to both legal professionals and common citizens. Through engaging narratives and real-life examples, he illustrates how the Constitution impacts everyday life and why it remains a cornerstone of democracy. The book covers themes such as democracy, free speech, pluralism, gender, environmental governance, dissent and landmark judgments that have shaped modern India.<br/>Why the Constitution Matters is not just a book for legal scholars; it is a must-read for anyone who values democracy, justice and the rule of law. Discover why the Constitution is more than just a document; it is the foundation of a just and equitable society.
650 ## - SUBJECT ADDED ENTRY--TOPICAL TERM
Topical term or geographic name entry element Constitutional Law and Fundamentals
9 (RLIN) 242411
650 ## - SUBJECT ADDED ENTRY--TOPICAL TERM
Topical term or geographic name entry element Democracy and Governance
9 (RLIN) 242412
650 ## - SUBJECT ADDED ENTRY--TOPICAL TERM
Topical term or geographic name entry element Citizen Rights and Civil Liberties
9 (RLIN) 242413
650 ## - SUBJECT ADDED ENTRY--TOPICAL TERM
Topical term or geographic name entry element Social Justice and Equality
9 (RLIN) 242414
942 ## - ADDED ENTRY ELEMENTS (KOHA)
Source of classification or shelving scheme Dewey Decimal Classification
Koha item type Book
Holdings
Withdrawn status Lost status Source of classification or shelving scheme Damaged status Not for loan Collection code Home library Current library Shelving location Date acquired Source of acquisition Cost, normal purchase price Total Checkouts Full call number Barcode Date last seen Cost, replacement price Price effective from Koha item type
    Dewey Decimal Classification     Political Science St Aloysius Library St Aloysius Library Stack Section 10/13/2025 amazon.in 767.04   342.54 CHAW 077916 10/17/2025 999.00 10/03/2025 Book